Academic librarianship / (Record no. 19013)
[ view plain ]
| 000 -LEADER | |
|---|---|
| fixed length control field | 00496cam a2200181 a 4500 |
| 020 ## - INTERNATIONAL STANDARD BOOK NUMBER | |
| ISBN | 9781555707026 (alk. paper) |
| 020 ## - INTERNATIONAL STANDARD BOOK NUMBER | |
| ISBN | 1555707025 (alk. paper) |
| 040 ## - CATALOGING SOURCE | |
| Transcribing agency | DLC |
| 082 00 - DEWEY DECIMAL CLASSIFICATION NUMBER | |
| Classification number | 027 NEA 2010 C158 Or. |
| 100 1# - MAIN ENTRY--AUTHOR NAME | |
| Personal name | Alire, Camila A |
| 245 10 - TITLE STATEMENT | |
| Title | Academic librarianship / |
| 260 ## - PUBLICATION, DISTRIBUTION, ETC. (IMPRINT) | |
| Place of publication | New York : |
| Name of publisher | Neal-Schuman Publishers, |
| Year of publication | c2010 |
| 300 ## - PHYSICAL DESCRIPTION | |
| Number of Pages | xvi, 383 p. ; |
| Dimensions | 23 cm |
| 650 #0 - SUBJECT ADDED ENTRY--TOPICAL TERM | |
| Topical Term | Academic libraries |
| 650 #0 - SUBJECT ADDED ENTRY--TOPICAL TERM | |
| Topical Term | Libraries and colleges |
| 700 1# - ADDED ENTRY--PERSONAL NAME | |
| Personal name | Evans, G. Edward, |
| 942 ## - ADDED ENTRY ELEMENTS (KOHA) | |
| Koha item type | ADB |
| 952 ## - LOCATION AND ITEM INFORMATION (KOHA) | |
| Withdrawn status [LOCAL, KOHA] | 0 |
| Koha item type | Source of acquisition | Lost status | Permanent Location | Current Location | Date acquired | Full call number |
|---|---|---|---|---|---|---|
| សៀវភៅភាសាអង់គ្លេស | A39366 | Library Block C | Library Block C | 2020-02-28 | 027 NEA 2010 C158 Or. |